[Event "Nancy Rapid op 23rd"]
[Site "Nancy"]
[Date "2025.03.02"]
[Round "1"]
[White "Bellahcene, Bilel"]
[Black "Delanne, Olivier"]
[Result "1-0"]
[WhiteElo "2510"]
[BlackElo "1695"]
[PlyCount "55"]
[EventDate "2025.03.02"]
[EventType "swiss (rapid)"]
[EventRounds "9"]
[EventCountry "FRA"]
[SourceTitle "CB10_2025"]
[SourceDate "2025.03.05"]
[SourceVersion "1"]
[SourceVersionDate "2025.03.05"]
[SourceQuality "1"]

1. e4 g6 2. d4 Bg7 3. Nc3 c6 4. f4 d5 5. e5 Nh6 6. Nf3 Bg4 7. h3 Bxf3 8. Qxf3 e6 9. g4 Nd7 10. Be3 Rf8 11. 0-0-0 Qe7 12. h4 f5 13. exf6 Nxf6 14. g5 Ne4 15. gxh6 Nxc3 16. hxg7 Nxa2+ 17. Kb1 Nc3+ 18. bxc3 Rg8 19. Bc1 b5 20. Re1 Rxg7 21. Bh3 Kd8 22. Rxe6 Qf8 23. Rhe1 b4 24. c4 Kc7 25. cxd5 b3 26. Rxc6+ Kd8 27. cxb3 Qb4 28. Qc3 1-0